Estadísticas para Actores que han muerto más veces en pantalla

Haz click aquí para intentar la prueba.

Estadísticas generales

  • Esta prueba ha sido intentada 54 veces
    (41 desde el último reinicio)
  • La puntuación promedio es 3 de 21

Estadísticas de respuestas

Nº MuertesActor% Correcto
25Sean Bean
50%
19Robert De Niro
39%
15Bruce Willis
33%
28Samuel L Jackson
28%
60Christopher Lee
25%
18Steve Buscemi
14%
65Danny Trejo
11%
51Lance Henriksen
11%
29Willem Dafoe
11%
35Eric Roberts
8%
24Liam Neeson
8%
36Bela Lugosi
6%
15Bill Paxton
6%
41Boris Karloff
6%
22Mickey Rourke
6%
41Dennis Hopper
3%
19Gary Busey
3%
36Tom Sizemore
3%
41Vincent Price
3%
39John Hurt
0%
24Michael Biehn
0%

Distribución de puntuación

Porcentaje por número respondido

Porcentaje de gente con cada puntuación

Historial de tus puntuaciones

No has intentado esta prueba desde el último reinicio